000 00901nam a22002297a 4500
005 20240530110542.0
008 151206s2013 jo g b 000 0 ara d
017 _a2013/8/3887
_bالاردن . دائرة المكتبة الوطنية
040 _aEG-CaGPL
082 0 4 _221
_a953\
_bع إ
100 0 _aعبدالله ابوعزة .
245 1 0 _aانهيار الحضارة العربية الاسلامية و سبيل النهوض /
_cعبدالله ابوعزة .
250 _aط1.
260 _aعمان :
_bدار الفضيلة للنشر و التوزيع ،
_c2013 .
300 _a473 ص ؛
_c24 سم .
504 _aببليوجرافية : ص 465 - 473
650 0 4 _aالحضارة الاسلامية .
650 0 4 _aالتاريخ الاسلامى .
651 0 4 _aالعالم العربى
_xتاريخ .
942 _2ddc
_cBK
999 _c62274
_d62274